In between (Gracie Abrams) - lyrics - Statistics

General Stats
  • This quiz has been taken 102 times
  • The average score is 204 of 238
Answer Stats
Answer % Correct
be
100%
I
100%
a
98%
and
98%
between
98%
he
98%
He
98%
the
98%
at
96%
her
96%
to
96%
in
94%
no
94%
on
94%
say
94%
She
94%
she
94%
smart
94%
their
94%
Their
94%
They
94%
they
94%
when
94%
who
94%
beautiful
92%
ever
92%
laughs
92%
love
92%
she's
92%
smile,
92%
than
92%
everything
90%
eyes,
90%
face
90%
funny
90%
glasses
90%
he's
90%
He's
90%
more
90%
them
90%
there
90%
else
88%
how
88%
How
88%
it
88%
just
88%
like
88%
new
88%
night,
88%
one
88%
see
88%
seen
88%
cant
85%
em
85%
late
85%
loves
85%
nothing
85%
talks
85%
thing
85%
come
83%
good
83%
got
83%
know
83%
own
83%
there's
83%
There's
83%
wish
83%
couple
81%
For
81%
for
81%
hates
81%
his
81%
phone
81%
ring
81%
seconds
81%
wants
81%
he'd
79%
kiss
79%
let
79%
they'll
79%
think
79%
this
79%
two
79%
Two
79%
won't
79%
fly
77%
maybe
77%
pretending
77%
sparks
77%
stop
77%
of
75%
Of
75%
okay
75%
that
75%
away
73%
crying,
73%
falling
73%
ground
73%
holy
73%
line
73%
oh
73%
beneath
71%
Even
71%
hearts
71%
out
71%
says
71%
knows
69%
something
69%
worst
69%
could
67%
someone
67%
up
67%
you
67%
faces
65%
lighten
65%
he'll
63%
still
63%
always
60%
But
60%
is
60%
care
58%
somebody,
58%
it's
56%
waiting
56%
doesn't
54%
been
52%
cold
52%
empty,
52%
enough
52%
name
52%
past
50%
toes
48%
No matching quizzes found
Score Distribution
Percent of People with Each Score
Percentile by Number Answered
Your Score History
You have not taken this quiz